| 000 | 00365 a2200157 4500 | ||
|---|---|---|---|
| 001 | 61158 | ||
| 020 | _a9783468471087 | ||
| 040 | _cAnchieta - Pituba | ||
| 100 | _aPfeifhofer, Petra | ||
| 240 | 1 | 0 |
_aGeni@l klick _ldeu / ger |
| 245 | 1 | 0 | _aGeni@l klick |
| 300 | _a96 | ||
| 362 | 0 | _a2011 | |
| 650 | 4 | _aLínguas germânicas (teutônicas) língua alemã | |
| 942 | _cBK | ||
| 999 |
_c61158 _d61158 |
||